[Event "Adelaide Labour Day op"]
[Site "Adelaide"]
[Date "2010.10.02"]
[Round "1"]
[White "MacAdam, Alex"]
[Black "Jelic, Mato"]
[Result "0-1"]
[WhiteElo "1143"]
[BlackElo "1824"]
[PlyCount "106"]
[EventDate "2010.10.02"]
[EventType "swiss"]
[EventRounds "6"]
[EventCountry "AUS"]
[SourceTitle "EXT 2023"]
[Source "ChessBase"]
[SourceDate "2022.10.05"]
[SourceVersion "1"]
[SourceVersionDate "2022.10.05"]
[SourceQuality "1"]

1. c4 c5 2. g3 g6 3. Bg2 Bg7 4. Nf3 e5 5. e4 Ne7 6. Nc3 0-0 7. 0-0 d6 8. d3 Nbc6 9. Be3 h6 10. Qd2 Kh7 11. Nh4 Be6 12. f4 exf4 13. gxf4 f5 14. Nd5 Nd4 15. Nf3 Nec6 16. Nxd4 Nxd4 17. Bxd4 Bxd4+ 18. Kh1 Qd7 19. Rae1 Rae8 20. Re2 Bxd5 21. cxd5 Re7 22. Rfe1 Rfe8 23. Bh3 Bf6 24. exf5 gxf5 25. Rxe7+ Rxe7 26. Rxe7+ Bxe7 27. Qe2 Kg6 28. Qe6+ Qxe6 29. dxe6 Kf6 30. Kg2 Kxe6 31. Kf3 b5 32. b3 d5 33. Ke3 Bf6 34. Bg2 Bb2 35. h4 Bc1+ 36. Kf3 a5 37. Bf1 Bd2 38. h5 a4 39. bxa4 c4 40. dxc4 bxc4 41. Kg3 Kd6 42. Bh3 Ke6 43. Bf1 Ba5 44. Kf3 Bb6 45. Kg3 Kd6 46. Bh3 d4 47. Bxf5 d3 48. Kf3 Kd5 49. Be4+ Kd4 50. f5 c3 51. f6 c2 52. Bxd3 Kxd3 53. f7 c1Q 0-1

[Event "Adelaide Queen's Birthday op"]
[Site "Adelaide"]
[Date "2010.06.13"]
[Round "5"]
[White "Jelic, Mato"]
[Black "Chapman, Mark"]
[Result "0-1"]
[WhiteElo "1814"]
[BlackElo "2296"]
[PlyCount "86"]
[EventDate "2010.06.12"]
[EventType "swiss"]
[EventRounds "6"]
[EventCountry "AUS"]
[SourceTitle "EXT 2023"]
[Source "ChessBase"]
[SourceDate "2022.10.05"]
[SourceVersion "1"]
[SourceVersionDate "2022.10.05"]
[SourceQuality "1"]

1. c4 e6 2. g3 f5 3. Bg2 Nf6 4. Nf3 Be7 5. 0-0 0-0 6. Nc3 d6 7. d4 a5 8. Rb1 Ne4 9. Qc2 Nc6 10. a3 Nxc3 11. bxc3 e5 12. d5 Nb8 13. e4 Na6 14. Be3 b6 15. Nd2 g6 16. f4 exf4 17. Bxf4 Nc5 18. e5 dxe5 19. Bxe5 Bd6 20. Rbe1 Bxe5 21. Rxe5 Qd6 22. Re2 Bd7 23. Nf3 Rae8 24. Rfe1 Ba4 25. Qd2 Ne4 26. Qd4 Qxa3 27. Re3 Qd6 28. Nh4 Nc5 29. Nf3 Rxe3 30. Rxe3 Re8 31. Ng5 Rxe3 32. Qxe3 Bd7 33. Qd4 h6 34. Nh3 g5 35. Nf2 a4 36. h4 a3 37. hxg5 a2 38. gxh6 a1Q+ 39. Kh2 Qxh6+ 40. Nh3 f4 41. gxf4 Bxh3 42. Bxh3 Qb2+ 43. Kg3 Qxc3+ 0-1

[Event "Adelaide Queen's Birthday op"]
[Site "Adelaide"]
[Date "2009.06.06"]
[Round "1"]
[White "Lower, Kevin"]
[Black "Jelic, Mato"]
[Result "0-1"]
[WhiteElo "1051"]
[BlackElo "1796"]
[PlyCount "72"]
[EventDate "2009.06.06"]
[EventType "swiss"]
[EventRounds "6"]
[EventCountry "AUS"]
[SourceTitle "EXT 2023"]
[Source "ChessBase"]
[SourceDate "2022.10.05"]
[SourceVersion "1"]
[SourceVersionDate "2022.10.05"]
[SourceQuality "1"]

1. Nf3 c5 2. c4 g6 3. Nc3 Bg7 4. g3 Nc6 5. Bg2 e5 6. d3 Nge7 7. 0-0 0-0 8. Bg5 h6 9. Bxe7 Nxe7 10. e4 d6 11. Ne1 Be6 12. Nc2 Qd7 13. Ne3 f5 14. Qa4 Qxa4 15. Nxa4 f4 16. Nd5 Nxd5 17. cxd5 Bd7 18. Nc3 f3 19. Bh1 b5 20. b3 g5 21. Nd1 g4 22. Ne3 h5 23. Rfc1 Bh6 24. b4 Rfc8 25. bxc5 Rxc5 26. Rxc5 dxc5 27. Nf5 Bxf5 28. exf5 Rd8 29. h3 Rxd5 30. hxg4 hxg4 31. Rb1 b4 32. a3 a5 33. axb4 axb4 34. Ra1 Rxd3 35. Ra8+ Bf8 36. Kf1 Rd1# 0-1

[Event "Adelaide Interclub-A"]
[Site "Adelaide"]
[Date "2008.06.17"]
[Round "8.2"]
[White "Jelic, Mato"]
[Black "Ivkovic, Novica"]
[Result "1-0"]
[WhiteElo "1741"]
[BlackElo "1717"]
[PlyCount "72"]
[EventDate "2008.04.29"]
[EventType "team-tourn"]
[EventRounds "9"]
[EventCountry "AUS"]
[SourceTitle "EXT 2010"]
[Source "ChessBase"]
[SourceDate "2010.11.25"]
[SourceVersion "1"]
[SourceVersionDate "2010.11.25"]
[SourceQuality "1"]

1. c4 Nf6 2. g3 Ne4 3. d3 Nf6 4. Bg2 Ng4 5. e4 Nf6 6. Ne2 Ng8 7. Nbc3 e5 8. 0-0 h5 9. Be3 h4 10. d4 Nc6 11. d5 Nce7 12. f4 hxg3 13. Nxg3 Ng6 14. Nf5 d6 15. Qe1 Nf6 16. h3 Ne7 17. fxe5 dxe5 18. Qg3 Ng6 19. Rad1 Nh5 20. Qg5 Qxg5 21. Bxg5 f6 22. Be3 Ngf4 23. Nb5 Kd8 24. d6 c6 25. Nc7 Rb8 26. Bxa7 Bxf5 27. exf5 Rc8 28. Ne6+ Kd7 29. Nc5+ Ke8 30. d7+ Kd8 31. Bb6+ Ke7 32. dxc8Q Kf7 33. Ne6 Bc5+ 34. Bxc5 Rxc8 35. Nxf4 Nxf4 36. Rxf4 exf4 1-0

[Event "Adelaide Interclub-A"]
[Site "Adelaide"]
[Date "2008.05.13"]
[Round "3.2"]
[White "Milton, Anthony W"]
[Black "Jelic, Mato"]
[Result "1/2-1/2"]
[WhiteElo "1500"]
[BlackElo "1741"]
[PlyCount "74"]
[EventDate "2008.04.29"]
[EventType "team-tourn"]
[EventRounds "9"]
[EventCountry "AUS"]
[SourceTitle "EXT 2010"]
[Source "ChessBase"]
[SourceDate "2010.11.25"]
[SourceVersion "1"]
[SourceVersionDate "2010.11.25"]
[SourceQuality "1"]

1. d4 Nf6 2. c4 e5 3. dxe5 Ng4 4. Nf3 Bc5 5. e3 Nc6 6. a3 a5 7. Nc3 0-0 8. Bd3 Ngxe5 9. Nxe5 Nxe5 10. Bxh7+ Kxh7 11. Qh5+ Kg8 12. Qxe5 Bd6 13. Qd5 Re8 14. h4 Re5 15. Qf3 Ra6 16. Bd2 Bf8 17. Nd5 Rh6 18. h5 c6 19. Bc3 Rg5 20. Nf4 d5 21. cxd5 Bg4 22. Qe4 cxd5 23. Qd4 Be7 24. f3 Bf6 25. Qd2 Bxc3 26. Qxc3 Rc6 27. Qd2 Bc8 28. Rd1 Qc7 29. h6 gxh6 30. Nxd5 Qg3+ 31. Kf1 Rxd5 32. Qxd5 Rc2 33. Qd8+ Kg7 34. Qd4+ Kg8 35. Qd8+ Kg7 36. Rd2 Rc1+ 37. Rd1 Rc2 1/2-1/2

[Event "Adelaide SA-ch cand"]
[Site "Adelaide"]
[Date "2007.03.13"]
[Round "6"]
[White "Cooke, Tristrom"]
[Black "Jelic, Mato"]
[Result "1-0"]
[WhiteElo "1611"]
[BlackElo "1718"]
[PlyCount "41"]
[EventDate "2007.02.06"]
[EventType "swiss"]
[EventRounds "6"]
[EventCountry "AUS"]
[SourceTitle "EXT 2010"]
[Source "ChessBase"]
[SourceDate "2010.11.25"]
[SourceVersion "1"]
[SourceVersionDate "2010.11.25"]
[SourceQuality "1"]

1. e4 c5 2. Bc4 e6 3. Nf3 d5 4. Bb5+ Nc6 5. exd5 exd5 6. d4 a6 7. Bxc6+ bxc6 8. Qe2+ Be6 9. 0-0 Be7 10. dxc5 Bxc5 11. Ng5 Qf6 12. Re1 Kf8 13. Nxe6+ fxe6 14. Nd2 Re8 15. Nf3 Bd6 16. Qxa6 e5 17. Qxc6 e4 18. Qb5 Rb8 19. Qxd5 exf3 20. Bg5 Ne7 21. Rxe7 1-0